Culture Générale - Série 895 - Statistiques

Statistiques générales
  • Ce quiz a été pris 126 fois
  • Le résultat moyen est 5 sur 10
Statistiques - réponses
Question Réponse % Correct
De quelle région de l'ouest de la Grande-Bretagne, la ville de Cardiff est-elle la capitale ? Pays de Galles
78%
Quel département a pour code départemental 50 ? Manche
72%
Quelle actrice, prénommée Jeanne, incarne Célestine, dans “Le Journal d'une femme de chambre” de Luis Buñuel ? Jeanne Moreau
69%
Les chocolats au beurre de cacao, aux abricots et aux raisins, parfumés à la liqueur de Grand Marnier ont pour nom "Les tétons de la Reine... Margot
65%
Quel cinéaste italien, prénommé Luchino, a réalisé “Mort à Venise” en 1971 ? Luchino Visconti
58%
En Occident, au siècle dernier, par quel nom appelait-on communément, l'île de Taiwan ? Formose
39%
Quel artiste a peint le célèbre tableau “L'Angélus”, entre 1857 et 1859 ? Jean-François Millet
39%
Dans le film d'animation "Les Aristochats", les chatons se prénomment Berlioz, Marie et... Toulouse
38%
Quel est le titre du roman de Marcel Pagnol qui suit “Le Château de ma mère” ? Le temps des secrets
34%
Quel est le point culminant de la Corse ? monte Cinto
20%
Aucun quiz correspondant
Distribution des résultats
% des personnes avec chaque résultat
Percentile par nombre de réponses
Votre historique - résultats
Vous n’avez pas pris ce quiz